| 000 | 00728nam a22002177a 4500 | ||
|---|---|---|---|
| 003 | 0 | ||
| 005 | 20251021105944.0 | ||
| 008 | 251021b xxu||||| |||| 00| 0 eng d | ||
| 020 | _a978-1-266-19826-7 | ||
| 050 |
_aHD 30.28 _b.St77 2024 |
||
| 245 |
_aStrategic management : _bcreating competitive advantages / _cGregory Dess, Gerry McNamara, Alan Eisner, and Steve Sauerwald. |
||
| 250 | _aEleventh edition. | ||
| 260 |
_aNew York, NY : _bMcGraw Hill LLC, _c2024. |
||
| 300 |
_axl, 436 pages ; _c26 cm. |
||
| 504 | _aIncludes bibliographical references and index. | ||
| 650 | _aStrategic management. | ||
| 650 | _aStrategic planning. | ||
| 650 | _aBusiness planning. | ||
| 650 | _aIndustrial management. | ||
| 942 |
_2lcc _cBK |
||
| 999 |
_c368308 _d368308 |
||